| 000 | 00679nam a2200277Ia 4500 | ||
|---|---|---|---|
| 005 | 20260121125513.0 | ||
| 008 | 008 260114s9999 xx 000 0 eng d | ||
| 020 | _a9783839454817 | ||
| 037 | _aEBOOK | ||
| 040 | _aCRL | ||
| 040 | _beng | ||
| 040 | _cCRL | ||
| 041 | _2eng | ||
| 041 | _aeng | ||
| 084 | _qCRL | ||
| 100 |
_aRichter, Christian _9994071 |
||
| 245 | 0 | _aFERNSEHEN - NETFLIX - YoUTUBE | |
| 260 | _bWalter de Gruyter | ||
| 260 | _bWalter de Gruyter | ||
| 260 | _c2020 | ||
| 650 |
_aGermanic and Romanic Studies _9994072 |
||
| 856 | _uhttp://www.degruyter.com/isbn/9783839454817 | ||
| 942 | _cEBOOK | ||
| 999 |
_c1562502 _d1562502 |
||